| 000 | 00536nam a22001697a 4500 | ||
|---|---|---|---|
| 999 |
_c1915 _d1915 |
||
| 008 | 160420b xxu||||| |||| 00| 0 eng d | ||
| 020 | _a971-9013-40-0 | ||
| 082 |
_22005 _aDFil 808.81 _bAs43p |
||
| 100 |
_96121 _aAsin, Ricardo C. |
||
| 245 |
_aPoems, speeches, and declamations/ _cRicardo C. Asin |
||
| 260 |
_aValenzuela City: _bTRU-COPY Publishing House, Inc., _cc2005. |
||
| 300 |
_a133 pages: _billustrations; _c18 cm. |
||
| 650 | 0 |
_96124 _aPoetry _xCollections |
|
| 650 | 0 |
_96125 _aSpeeches |
|
| 365 |
_b80.00 _cPhp |
||
| 942 |
_2ddc _cDFIL |
||